| 000 | 01055nam a2200265Ia 4500 | ||
|---|---|---|---|
| 003 | OSt | ||
| 005 | 20220923211151.0 | ||
| 006 | a|||||r|||| 00| 0 | ||
| 007 | ta | ||
| 008 | 220922b |||||||| |||| 00| 0 hin d | ||
| 020 |
_a8187654141 (hbk) _c480 |
||
| 024 | _a281,220 | ||
| 037 |
_b812, 09/03/2014, H.K. Prakashan _cTextual |
||
| 040 |
_aARTS _cARTS _bhin |
||
| 041 |
_2hin _ahin |
||
| 082 | _aO152,1NSIw,1, Q3 | ||
| 100 |
_aकरनजीत सिंह; बिंद्रा, जसविन्दर कौर, अनु. _9159039 |
||
| 245 | 0 | _aपानी केरा बुदबुदा | |
| 246 | _aPānī kerā budabudā | ||
| 260 |
_aदिल्ली _b मनप्रीत प्रकाशन _c2013 |
||
| 300 |
_a312पृ. _ccm. |
||
| 650 |
_aहिन्दी साहित्य _9156264 |
||
| 942 |
_hO152,1NSIw,1, Q3 _cTEXL _2CC |
||
| 999 |
_c296249 _d296249 |
||